LEADER 01419nam a2200301 a 4500 001 000000092484 003 CaOOAMICUS 005 20150623131756.0 008 060616s2001 it u000 u ita r 035 $a11092708 040 $aPUL$bita 041 1 $aita$heng 100 1 $aHanson, Victor Davis.$0(OLS)http://pul/name/59641 240 10$aWestern way of war.$lItaliano.$0(OLS)http://pul/title/119358 245 12$aL'arte occidentale della guerra /$cVictor Davis Hanson ; trad. di Davide Panzieri. 260 $aMilano :$bIl Giornale :$bA. Mondadori,$c2001. 300 $a314 p. ;$c21 cm 490 1 $aBiblioteca storica. Antichità classica ;$v6 500 $aEdizione speciale per il Giornale pubblicata su licenza di Mondadori libri desunta dall'ed. c2001, Garzanti Libri. 504 $aBibliografia: p. 295-300. 650 4$aGuerra$zGrecia$yEvo antico.$0(OLS)http://pul/subject/29858 651 4$aGrecia antica$xStoria.$0(OLS)http://pul/subject/5349 830 0$aBiblioteca storica (Il Giornale)$p[Antichità classica] ;$v6.$0(OLS)http://pul/title/131614 850 $aPUL 852 $aPUL$W1$xDP2 Filosofia 3$y112$m937 COLL 1.6$j116319$nBK-PRI$qDDC 21$B116319$CPULBib$Z2$F116319 $HPUL101104 $82 941 1 $a9 996 $6245$aL'arte occidentale della guerra$9(OLS)http://pul/title/119359 996 $6260$aMilano :$bIl Giornale :$bA. Mondadori$9(OLS)http://pul/publisher/79097 LEADER 02209nam a2200385 a 4500 001 000000174126 003 CaOOAMICUS 005 20210112160154.0 008 210112s2011 vc akod u000 u eng r 020 $z*978-88-7761-113-0* 032 $aLibriCat 040 $aPUL$bita 082 04$a261.5 110 2 $aPontificia Accademia delle scienze. Plenary session : (2016 : Città del Vaticano).$0(OLS)http://pul/name/111867 245 14$aThe proceedings of the Plenary Session on Science and sustainability : $bimpacts of scientific knowledge and technology on human society and its envitonment, 25-29 November 2016 / $cedited by Werner Arber, Joachim von Braun, Marcelo Sánchez Sorondo. 246 30$aScience and sustainability 260 $aIn Civitate Vaticana :$bex Aedibus Academicis,$c2020. 300 $a423 p. :$bfacs., fotogr., graf., tab. ;$c24 cm 490 1 $aPontificiae Academiae Scientiarum Acta ;$v24 650 4$aScienza e etica.$0(OLS)http://pul/subject/39463 650 4$aScienza e tecnologia--$ySec. XXI.$0(OLS)http://pul/subject/46387 700 1 $aBraun, Joachim von,$d1950-$0(OLS)http://pul/name/111868 700 1 $aArber, Werner,$c1929-$0(OLS)http://pul/name/68520 700 1 $aSánchez Sorondo, Marcelo,$cvescovo di Vescovio,$d1942-$0(OLS)http://pul/name/457 710 2 $aPontificia Accademia delle scienze.$0(OLS)http://pul/name/1110 830 0$aPontificiae Academiae Scientiarum Acta ;$v24.$0(OLS)http://pul/title/163388 850 $aPUL 852 $aPUL$W1$xSL Religione 3$y85$m261. 5 PAS 1.24$j198408$qDDC 21$B203012$CPULBib$Z2$F203012 $H134662 $82 941 1 $a9 996 $6020$z*978-88-7761-113-0*$9(OLS)http://pul/number/167950 996 $6082$a261.5$9(OLS)http://pul/classification/417 996 $6245$aThe proceedings of the Plenary Session on Science and sustainability : $bimpacts of scientific knowledge and technology on human society and its envitonment, 25-29 November 2016 / $9(OLS)http://pul/title/215353 996 $6246$aScience and sustainability$9(OLS)http://pul/title/215352 996 $6260$aIn Civitate Vaticana :$bex Aedibus Academicis$9(OLS)http://pul/publisher/48453